| 000 | 01144nac a22002891i 4500 | ||
|---|---|---|---|
| 003 | EG-ScBUE | ||
| 005 | 20230806114547.0 | ||
| 008 | 100913s2005 ii ab f d 001 0 eng d | ||
| 020 | _a8120322304 | ||
| 040 |
_aEG-ScBUE _beng _erda _cEG-ScBUE _dEG-ScBUE |
||
| 082 | 0 | 4 |
_a910.285 _bLOC _222 |
| 100 | 1 |
_aLo, C. P. _q(Chor Pang), _d1939- _eauthor. _918921 |
|
| 245 | 1 | 0 |
_aConcepts and techniques of geographic information systems / _cC.P. Lo, University of Georgia, Athens, Georgia, USA, Albert K.W. Yeung, Ontario Police College, Aylmer, Ontario, Canada. |
| 264 | 1 |
_aNew Delhi : _bPrentice Hall of India, _c2005. |
|
| 300 |
_axii, 492 pages : _billustrations, maps ; _c29 cm. |
||
| 336 |
_2rdacontent _atext _btxt |
||
| 337 |
_2rdamedia _aunmediated _bn |
||
| 338 |
_2rdacarrier _avolume _bnc |
||
| 490 | 0 | _aPH series in geographic information science | |
| 500 | _aIncludes index. | ||
| 500 | _aIncludes glossary. | ||
| 500 | _aIncludes appendix. | ||
| 650 | 7 |
_aGeographic information systems. _2BUEsh _918923 |
|
| 655 | _vReading book | ||
| 700 | 1 |
_aYeung, Albert K. W., _eauthor. _918924 |
|
| 942 |
_cBB _k910.285 LOC _2ddc |
||
| 999 |
_c652 _d652 |
||